[Event "Hastings 00 75th"]
[Site "Hastings"]
[Date "2000.01.11"]
[Round "8"]
[White "Speelman, Jonathan S"]
[Black "McShane, Luke J"]
[Result "1-0"]
[WhiteElo "2604"]
[BlackElo "2438"]
[Annotator "Hazai,L"]
[PlyCount "59"]
[EventDate "2000.01.04"]
[EventType "tourn"]
[EventRounds "9"]
[EventCountry "ENG"]
[EventCategory "13"]
[SourceTitle "CBM 075"]
[Source "ChessBase"]
[SourceDate "2000.04.05"]
[SourceVersion "1"]
[SourceVersionDate "2000.04.05"]
[SourceQuality "1"]

1. Nf3 {McShane} Nf6 2. d4 g6 3. c3 Bg7 4. Bf4 O-O 5. h3 d6 6. e3 Nbd7 7. Na3 {
'!?' McShane. This is a very rare continuation. It's main idea is to react on
Qe8 by Nb5. McShane: 'The idea is to go Nb5 in the event of Qe8.'} (7. Be2 c5 (
7... Qe8) (7... b6)) ({or} 7. Nbd2 {are the main lines.} c5 (7... Qe8) (7... b6
)) 7... Ne4 {/\ e5 This is the difference, the white N doesn't control the
important e4 square.} (7... c5) (7... b6) (7... Qe8 {is already met by} 8. Nb5
{for example:} Nd5 (8... Qd8 {is a sad retreat, but it doesn't lose outright.})
9. c4 Nxf4 10. Nxc7 Qd8 11. Nxa8 Ne6 12. Qa4 $18 {and it is difficult to trap
the N.}) 8. Qc2 (8. Bd3 {is strongly met by} e5 $1 9. Bh2 {'/\' McShane.} (9.
Bxe4 exf4 (9... exf4 {McShane} 10. exf4 Re8 11. Qe2 d5)) 9... Ng5 $36) 8... f5
9. Bd3 (9. Bc4+ Kh8 10. O-O-O c5 $13) 9... Ndf6 (9... e5 $6 {now is not good
on account of} 10. dxe5 dxe5 (10... Nxe5 11. Bxe5 dxe5 12. Bxe4 fxe4 13. Qxe4
$16) 11. Bxe4 fxe4 (11... exf4 12. Bd5+ Kh8 13. exf4 Re8+ 14. Kf1 Nf6 15. Bf7
$16) 12. Bg5 $16) 10. O-O-O {This is a rather sharp continuation, after which
the position becomes very messy.} (10. O-O {is a simple plan, but then Black's
strong N remains in the [+].} Kh8 11. Rad1 b6) (10. g4 $5 fxg4 11. hxg4 {
is answered by} d5 $1 (11... Bxg4 $6 {runs into} 12. Nh2 $1 $16 ({and not} 12.
Bxe4 $2 Nxe4 13. Qxe4 d5 14. Qd3 Bxf3 $19))) 10... c5 {This is the consistant
plan to attack the [+].} (10... Kh8 11. g4) (10... Be6 $5) 11. dxc5 $6 {
'!?' McShane. White gives up the [+] for some tactical tricks. McShane: 'Very
dangerous.'} (11. g4 {leads to immense complications after} fxg4 12. Nh2 (12.
hxg4 $6 Bxg4 13. Bxe4 Nxe4 14. Qxe4 d5 $19) 12... g3 13. fxg3 d5 $13) (11. Rdg1
{/\ g4 deserves also attention.}) (11. Rdg1 $5 {McShane}) (11. d5 {McShane}
Nxd5 12. Bc4 e6 13. Rxd5 exd5 14. Bxd5+ Kh8 $44) 11... Nxc5 12. Bc4+ d5 (12...
Kh8 $2 13. Ng5 Qe8 {McShane: '(to stop Nf7+)'} 14. Nb5 $16) (12... Be6 $6 {
falls into the pin:} 13. Bxe6+ Nxe6 14. Qb3 {This is rather annoying.} d5 (
14... Qc8 15. Ng5 d5 16. Nxe6 (16. Rxd5 Nxd5 17. Qxd5 Rf6 18. Nb5 $16 (18. Be5)
) 16... Qxe6 17. Qxb7 $16 {and the f4 B controls the b <->.}) 15. Qxb7 Nxf4 16.
exf4 Rb8 (16... Qb6 17. Qxb6 axb6 18. Ne5 $16) 17. Qxa7 Ne4 18. Ne5 Bxe5 19.
fxe5 Ra8 20. Qd4 Nxc3 21. Qxc3 Rc8 22. Nc4 $16) 13. Nb5 $6 {White is
continuing his dubious plan.} (13. Be5 e6 {is also nice for Black.}) 13... Qb6
$1 ({The positional Q sacrifice by} 13... dxc4 $2 {is not correct here:} 14.
Rxd8 Rxd8 15. Nc7 Nd3+ 16. Kb1 Rb8 17. Rd1 $16) (13... Be6 $5 14. Nc7 (14. Ng5
Qb6) 14... Rc8 15. Nxe6 Nxe6 $132) 14. Rxd5 {Perhaps this is the best
practical chance.} (14. Nc7 {is not escape from trouble either.} dxc4 15. Nxa8
Qa5 16. Kb1 Bd7 $1 $17 {'-/+' McShane. /\ Ba4 McShane: 'Black may play Ba4 or
Nd3'} (16... Nd3 17. Rxd3 (17. Bc7 b6 18. Bg3 Bb7 19. Nc7 Be4 $19) 17... cxd3
18. Qb3+ Qd5 19. Nc7 Qxb3 20. axb3 Ne4 $36)) (14. Bc7 {is answered by} Qa6)
14... Nxd5 15. Bxd5+ Be6 (15... e6 16. Nc7 Rb8 17. Bc4 Bd7 $15) 16. Nc7 Bxd5
17. Nxd5 Qa6 18. Kb1 {'©' McShane.} (18. Nxe7+ Kf7 19. Nxf5 Nd3+ $19) (18. Nc7
Qxa2 19. Nxa8 Rd8 $19 (19... Rxa8 {McShane} 20. Kd1 Rd8+ $19)) 18... e5 $1 (
18... Qd3 {gives White enough play for the sacrificed material.} 19. Rd1 Qxc2+
20. Kxc2 Rae8 21. Nxe7+ Rxe7 22. Bd6 Rd7 23. Bxc5 Rxd1 24. Kxd1 Rd8+ $11) 19.
Bg5 (19. Bxe5 $2 Bxe5 20. Nxe5 Qe6 $19) (19. Nxe5 {McShane} Bxe5 20. Bxe5 Qe6
21. Nc7 Qxe5 22. Nxa8 Rxa8) 19... Rf7 $2 {This is a serious error!} (19... Qd3
20. Rd1 Qxc2+ 21. Kxc2 e4 $15 {looks also better for Black.}) (19... e4 $1 {
however after} 20. Nd4 (20. Nc7 {McShane} Qc6 21. Nxa8 exf3 {trapping the
knight.}) 20... Qd3 $17 {is clearly worse for White.}) 20. Be7 {'!' McShane.}
Qc6 $6 {This runs into the trap.} (20... Qe6 $5) (20... Ne4 $5) (20... Ne4 $13
{McShane}) 21. Ng5 $1 (21. Nb4 {McShane} Qc7 22. Bxc5 Qxc5 23. Ng5 Re7 24. Qb3+
Kh8 25. Nf7+ Kg8) 21... Qxd5 22. Rd1 $1 {This intermediate move is very
strong! McShane: 'A trick I missed.'} Qc4 (22... Qxd1+ 23. Qxd1 Rxe7 24. Qd5+
Kh8 25. Qxc5 Rd7 (25... Rae8 26. Qxa7 e4 27. h4 Bf6 28. Qb6 $16) 26. Qc4 Rf8
27. Ne6 Re8 28. Qb5 Ree7 29. Nc5 Rc7 {is perhaps not so bad for Black.}) (22...
Qxg2 $2 23. Nxf7 Kxf7 24. Bxc5 $16) 23. Nxf7 Kxf7 24. Bxc5 Qxc5 25. Qb3+ {
and suddenly the black K is in real danger.} Kf6 (25... Kf8 $2 26. Rd7 $18) 26.
Rd7 Rf8 $2 {This is the last mistake.} (26... Qf8 27. Qxb7 Rd8 28. Qa6+ Kg5 29.
Qxa7 Rxd7 30. Qxd7 $14 {is not a very promising _|_ for Black, but he can
continue the battle.}) (26... Qf8 $1 {McShane was much better but White has a
pleasant choice between Qd5 and Qxb7.}) 27. Qxb7 $18 Bh6 (27... Qc4 28. Rd6+
Kg5 29. Qxg7 $18) 28. h4 $1 {sewing the mating net. McShane: 'Now the fhreat
is Rd7-c7-c6 mate.'} Qb6 29. Qd5 Qb8 30. Qc6+ 1-0

[Event "Sufe Cup"]
[Site "Shanghai"]
[Date "2000.03.04"]
[Round "2"]
[White "Krasenkow, Michal"]
[Black "Bologan, Viktor"]
[Result "1/2-1/2"]
[WhiteElo "2661"]
[BlackElo "2589"]
[Annotator "Hazai,L"]
[PlyCount "73"]
[EventDate "2000.03.03"]
[EventType "tourn"]
[EventRounds "13"]
[EventCountry "CHN"]
[EventCategory "13"]
[SourceTitle "CBM 076"]
[Source "ChessBase"]
[SourceDate "2000.05.31"]
[SourceVersion "1"]
[SourceVersionDate "2000.05.31"]
[SourceQuality "1"]

1. Nf3 g6 2. d4 Bg7 3. c3 Nf6 4. Bg5 O-O 5. Nbd2 d6 6. e4 c5 7. d5 {This is a
rare bird in nowaday's tounament practice. White closes the [+], which will be
immediately blown up by Black.} (7. dxc5 dxc5 {- Popchev-Kovacevic, Nikolic
mem. 2000 CBM 76}) 7... e6 ({The insertion of} 7... h6 8. Bh4 {and only now} e6
{deserves attention and leads to similar positions to the game continuation.}
9. dxe6 Bxe6 10. Bc4 $1 {This is the best /^ for the B fighting for >< d5.} (
10. Bd3 {The B is vulnerable here.} Nc6 11. O-O g5 12. Bg3 Nh5 13. Nxg5 $5 Qxg5
14. f4 Qg6 15. f5 Qg5 16. Nf3 Qe3+ 17. Bf2 Qf4 $13 {Rodriguez Vargas-V.
Georgiev, Benasque 1997}) 10... d5 $1 {This is the typical freeing move here.}
(10... Bxc4 {is strongly met by the intermediate move} 11. Bxf6 $1 {and after}
Qxf6 12. Nxc4 Qe6 13. Qd5 Qxd5 14. exd5 Re8+ 15. Kd2 {White has a slight _|_
advantage because of the >< d6 and the bad B.} Bf8 16. Rae1 Nd7 17. Rxe8 Rxe8
18. Re1 Rb8 (18... Rxe1 19. Nxe1 {Without rooks White's advantage is
undeniable.} Nb6 20. Ne3 h5 21. Kd3 Bh6 22. Nc4 Nxd5 23. Nxd6 $16 {A.
Spielmann-Szylar, Cannes 1995}) 19. a4 Nf6 20. Ne3 a6 21. Kd3 {White's K is
more active than his colleague.} h5 22. Nd2 b5 23. axb5 axb5 24. Ra1 $14 {
occupying the vital a <->, Rodriguez Vargas-Barbero, Benasque 1993.}) 11. exd5
Bxd5 12. O-O Nc6 (12... Re8 $5 {It is important, who can occupy first the e
<->, as we can see it from the game.}) 13. Qc2 (13. Re1 $5 {deserves attention,
compare to the game!}) 13... Na5 14. Bxd5 Qxd5 15. Rad1 Qc6 16. Ne5 Qc7 17.
Ndc4 Nxc4 18. Nxc4 Qf4 19. Bxf6 Qxc4 20. Bxg7 {1/2-1/2 Miles-Atalik, Szeged
1997}) 8. dxe6 (8. Nc4 {allows Black counterplay after} exd5 9. exd5 Re8+ $1 (
9... Qe8+ 10. Be2 Ne4 11. Bf4 Qe7 12. O-O Qf6 13. Be3 $14) (9... b5 10. Ne3 Qa5
11. Bd3 $14) 10. Be2 h6 11. Bf4 Ne4 12. O-O Qf6 13. Be3 Bf5 $13) 8... Bxe6 9.
Bc4 d5 $1 (9... Bxc4 {is again met by the standard} 10. Bxf6 $1 Qxf6 11. Nxc4
Qe6 12. Qd5 Qxd5 13. exd5 Re8+ 14. Kd2 $14 {compare to the games with h6 Bh4.})
10. exd5 Bxd5 11. O-O Nc6 {At first sight Black has equalized without any
problem, but the position contains more venom.} (11... Re8 {is played against
Re1} 12. Qb3 Bxc4 13. Nxc4 Qc7 14. Rad1 Nc6 (14... Ne4 {is met by the witty}
15. Bd8 $1 $14) 15. Nd6 Re7 16. Rd2 $14 {and White still has some pressure on
the d <->.}) 12. Qa4 (12. Re1 $1 {looks more dangerous, for example:} h6 (12...
Bxc4 13. Nxc4 Qd5 14. Qxd5 Nxd5 15. Rad1 $14 {occupying both opened lines.})
13. Bxd5 Qxd5 14. Bxf6 Bxf6 15. Ne4 Qxd1 16. Nxf6+ Kg7 17. Raxd1 Kxf6 18. Nd2
$14 {/\ Ne4 and the R may penetrate to the seventh rank.}) 12... a6 {forcing}
13. Bxd5 Qxd5 14. Qh4 (14. Bxf6 Bxf6 15. Ne4 Bg7 16. Rad1 {can be met by} Nd4 {
closing the fourth rank.} 17. cxd4 (17. Neg5 b5) (17. Nfg5 h6 18. cxd4 cxd4)
17... Qxe4 18. Rfe1 Qf4 19. Qd7 cxd4) (14. Rad1 Qf5 15. Bxf6 b5 16. Qe4 Qxf6
$11) 14... Qf5 15. Nc4 (15. Rad1 Rfe8 $11) 15... Ne4 16. Rfe1 Rae8 (16... Rfe8
{was also enough for equality.} 17. Rad1 (17. Nb6 Rab8 18. Rad1 Nxg5 19. Nxg5
Rxe1+ 20. Rxe1 h6 {leads nowhere for White.}) 17... Nxg5 18. Nxg5 Rxe1+ 19.
Rxe1 h6 $11) 17. Bh6 (17. Rad1 Nxg5 18. Nxg5 Rxe1+ 19. Rxe1 h6 $11) 17... b5
18. Bxg7 (18. Ne3 Qf6 19. Qxf6 Nxf6 20. Bxg7 Kxg7 {- 18.Bxg7}) 18... Kxg7 19.
Ne3 Qf6 20. Qxf6+ Nxf6 $11 {This _|_ is not dangerous for Black.} 21. a4 Nd7
22. Red1 (22. axb5 axb5 23. Ra6 Nde5 24. Nxe5 Nxe5 25. Rd1 Rd8 $11) 22... Nde5
23. Nxe5 Rxe5 24. Rd6 Rc8 25. Kf1 c4 26. g3 Rc5 27. Nd5 (27. axb5 axb5 28. f4
Rd8 $11) 27... Ne5 28. Nb4 bxa4 29. Nxa6 (29. Rxa6 Rd8 $132) 29... Rb5 30. Nb4
{Now it seems, that White has achieved something, but Black can still hold the
_|_.} Ra8 31. h3 g5 (31... Nd3 32. Nxd3 cxd3 33. Ra2 Rab8 34. Rxa4 Rxb2 35.
Rxd3 $14 {at least with a P up.}) 32. Kg2 (32. f4 gxf4 33. gxf4 Ng6 34. Rd4 Rf5
35. Nd5 Rd8 36. Ne3 Rxf4+ 37. Rxf4 Nxf4 38. Rxa4 Nxh3 39. Rxc4 Rd2 $11) 32...
h5 33. Rd4 Kg6 34. Ra2 g4 35. Ra1 gxh3+ 36. Kxh3 Nd3 37. Nxd3 (37. Nxd3 cxd3
38. Ra2 Rab8 39. Raxa4 Rxb2 $11 {is dead draw.}) 1/2-1/2

[Event "RUS-ch 54th"]
[Site "Elista"]
[Date "2001.04.30"]
[Round "1"]
[White "Balashov, Yuri S"]
[Black "Zakharevich, Igor"]
[Result "1/2-1/2"]
[WhiteElo "2581"]
[BlackElo "2487"]
[Annotator "Hazai,L"]
[PlyCount "45"]
[EventDate "2001.04.29"]
[EventType "swiss"]
[EventRounds "9"]
[EventCountry "RUS"]
[SourceTitle "CBM 083"]
[Source "ChessBase"]
[SourceDate "2001.07.05"]
[SourceVersion "1"]
[SourceVersionDate "2001.07.05"]
[SourceQuality "1"]

1. Nf3 Nf6 2. d4 g6 3. Bg5 Bg7 4. c3 c5 5. Nbd2 cxd4 6. cxd4 d5 {In this
symmetrical P structure the N on d2 is a bit passive, and White cannot aim for
a real advantage.} 7. e3 O-O 8. Be2 Nc6 9. O-O Qb6 (9... Bf5 {activating the
"strategically bad" B is also logical.} 10. Qb3 (10. a3 {White wants to begin
his advance on the << by b2-b4} Rc8 (10... h6 11. Bh4 Ne4 12. Nxe4 Bxe4 13. b4
Re8 (13... g5 $5) 14. Rc1 Qb6 15. Rc5 Bxf3 16. Bxf3 e6 17. Be2 Bf8 18. Rc3 a6
19. Bg3 Rec8 20. Qc2 Qd8 21. Rc1 $14 {with some pressure on the <<, especially
on the c <->, Aranha Filho-Van Riemsdijk, Sao Caetano 1999.}) 11. b4 Ne4 {
This is the typical freeing move here.} 12. Nxe4 Bxe4 13. Qb3 h6 14. Bh4 g5 15.
Bg3 Bxf3 16. Bxf3 e6 17. h3 Qb6 $11 {Batyrov-Lindinger, Hamburg 1999}) 10...
Qb6 (10... Qd7 {runs into the pin after} 11. Bb5 Rfc8 12. Rac1 Qd8 13. Bxc6
bxc6 {>< c5} 14. Ne5 c5 15. dxc5 $14 (15. Rxc5 Rxc5 16. dxc5 Qc7 {(Pa.
Petran-Pham Minh Hoang, Budapest 1998)} 17. Bxf6 exf6 18. Nd3 Rb8 19. Qc3 Bxd3
20. Qxd3 Qxc5 21. Nb3 $14 {with a somewhat better P structure.})) 11. Qxb6 (11.
Rac1 Rfc8 12. a3 (12. Rc5 Qxb3 13. axb3 b6 14. Rc3 Nb4 {The N is excellent
here because of White's doubled pawns.} 15. Ra1 a5 16. Ne5 Kf8 17. Bb5 Ra7 18.
Rac1 Rxc3 19. Rxc3 Ne8 20. Nc6 Nxc6 21. Bxc6 e5 $132 {L.Christiansen-Biyiasas,
San Francisco 1977}) 12... Ne4 13. Qxb6 axb6 {- 11.Qxb6}) 11... axb6 12. a3
Rfc8 {It is far from easy to exploit the theoretical weakness of the doubled
pawns.} 13. h3 $1 $14 {securing the h2-b8 /^ for the B.} (13. Rac1 h6 $1 {
Now Black can exchange the important dark-squared B.} (13... Ne4 14. Nxe4 Bxe4
15. Bf4 (15. Nd2 Bf5 16. Bf3 e6 17. Rc3 {/\ g4} h6 18. Bf4 g5 19. Bg3 g4 20.
Bd1 (20. Be2 $5) 20... b5 21. Be2 b4 {liquidating the weakness on the b <->.}
22. axb4 Nxb4 $11 {Belov-E.Ragozin, Alushta 2000}) 15... f6 16. Bg3 $1 {
This is the important prophylaxis.} (16. Bb5 {fights against e5, but in fact
allows it!} e5 17. dxe5 (17. Bxc6 bxc6 18. dxe5 Bxf3 $15) 17... fxe5 18. Bxc6
exf4 {^^} 19. Bxb7 Rxc1 20. Rxc1 Rb8 $11 {Balashov}) 16... Bf5 {/\ Bd7 is the
persistant defence.} (16... e5 $2 {now can be answered by} 17. dxe5 Nxe5 (17...
fxe5 18. Rfd1 {with an annoying pressure on the central pawns.}) 18. Nd4 Bd3
19. Rfd1 $1 (19. Bxe5 {gives Black drawing chances because of the ^-.} fxe5 20.
Bxd3 exd4 21. e4 dxe4 22. Bxe4 d3 $11 {^-}) 19... Rxc1 20. Rxc1 $16 {with a
corrupted black P structure, Balashov-Hellers, Malmo 1987/88 45/69.})) 14. Bh4
g5 15. Bg3 Nh5 $11 {Barrera Martinez-Sanchez Almeyra, Olot 1992})) (9... Bg4 {
giving up the ^^ without any fight is not recommended.} 10. h3 Bxf3 11. Bxf3 e6
12. Nb3 {attacking >< c5.} b6 {weakening some light squares on the <<.} 13. Qd3
Qd7 14. a3 Rac8 15. Rfc1 Nb8 16. Bf4 Rxc1+ 17. Rxc1 Rc8 18. Be2 Rxc1+ 19. Nxc1
Qc8 20. Na2 Bf8 21. Qc3 Qxc3 22. Nxc3 $14 {with a little bit better chances in
the _|_ because of the ^^, Khlian-Turov, Azov 1995.}) (9... Ne8 {looks rather
passive.} 10. Qb3 f6 11. Bh4 {fighting against e5.} e6 12. h3 Nd6 {/\ Nf5} 13.
Bg3 Qe7 14. a4 {White wants to gain space on the <<.} Bd7 15. a5 Rfd8 16. Rfc1
Be8 17. Rc5 a6 {>< b6} 18. Qb6 Bf7 19. Rac1 $14 {Zhuravliov-Svidler, St
Petersburg 1993}) 10. Qb3 Qxb3 (10... Bf5 {- 9...Bf5}) 11. Nxb3 {(1/2-1/2
Barbero-Uhlmann, Graz 1991)} Ne4 {Surprisingly enough this natural move
weakens the e7 P, therefore it is premature.} (11... b6 $1 {killing the N on
b3 and finishing the development was better.} 12. Nbd2 Bb7 13. Rac1 h6 14. Bh4
g5 15. Bg3 Nh5 {winning the ^^, which is important in this structure.} 16. a3
Nxg3 17. hxg3 Rfc8 18. b4 e6 19. Bb5 Bf8 $11 {Fuentes-Pujols, Havana 1999}) 12.
Bh4 $1 (12. Bf4 {allows} b6 (12... f6 {/\ e5 is met by the standard} 13. Bb5)
13. Rfc1 Bb7 $11) 12... h6 (12... f6 13. Bb5 Bd7 14. Na5 Rab8 15. Rac1 $14 {
with some pressure on the <<.}) 13. Rac1 (13. Bb5 {was interesting again, for
example:} g5 14. Bxc6 bxc6 15. Bg3) 13... g5 14. Bg3 Nxg3 15. hxg3 Bf5 16. Nc5
$6 {Now Black can easily parry White's positional threats.} (16. Bb5 {was the
last chance for a fight.} Rfc8 17. Bxc6 bxc6 {creates at least a backward P on
the c <->, and >< c5 can be blockaded.} 18. Rc3 $14 (18. Rc5 $14)) 16... Rfc8
17. Bd3 (17. Nxb7 $2 Rab8 18. Nc5 Rxb2) 17... Bxd3 18. Nxd3 e6 $11 {/\ Bf8} 19.
g4 Bf8 20. Rc3 Ne7 21. Rfc1 Rxc3 22. Rxc3 Rc8 23. Rxc8 1/2-1/2